[Event "Kukes"]
[Site "Kukes ALB"]
[Date "2014.06.08"]
[EventDate "2014.06.07"]
[Round "2.6"]
[Result "1-0"]
[White "Von Bahr, Oskar"]
[Black "Osman Koka"]
[WhiteElo "2335"]
[BlackElo "2187"]
[PlyCount "60"]

1. c4 e5 2. g3 Nf6 3. Bg2 Nc6 4. Nc3 Be7 5. Nf3 O-O 6. O-O d6 7. d4 Bg4 8. d5
Nb8 9. h3 Bh5 10. Nh4 a5 11. Nf5 Na6 12. Qc2 Nc5 13. e4 Nfd7 14. Be3 f6 15. b3
Re8 16. a3 b6 17. b4 Nb7 18. Nxe7+ Qxe7 19. Rfc1 Rec8 20. Rab1 Bf7 21. h4 axb4
22. axb4 c5 23. dxc6 Rxc6 24. Nd5 Qd8 25. Bh3 b5 26. Qd3 bxc4 27. Rxc4 Ra3 28.
Qxa3 Rxc4 29. Qd3 Rc6 30. Qb5 1-0